Gaming Quiz

Random Gaming or Video Games Quiz

Tony Hawk Pro Skater Quiz Stats

 Plays Quiz Updated Jan 12, 2012

Score 0/31 Timer 08:00
1 Play Today
Game Skater % Correct
Tony Hawk Pro SkaterTony Hawk
97.8%
Tony Hawk Pro SkaterBob Burnquist
60.9%
Tony Hawk Pro Skater 2-4Bam Margera
59.4%
Tony Hawk Pro SkaterBucky Lasek
40.2%
Tony Hawk Pro Skater 2-4Rodney Mullen
34.6%
Tony Hawk Pro SkaterChad Muska
32.8%
Tony Hawk Pro SkaterKareem Campbell
30.8%
Tony Hawk Pro SkaterElissa Steamer
26.2%
Tony Hawk Pro SkaterRune Glifberg
23.6%
Tony Hawk Pro Skater 2-4Eric Koston
23.2%
Tony Hawk Underground 1 & 2Ryan Sheckler
23.2%
Tony Hawk Pro SkaterGeoff Rowley
21.6%
Tony Hawk Pro SkaterJamie Thomas
18.9%
Tony Hawk Pro SkaterAndrew Reynolds
18.9%
Tony Hawk Pro Skater 2-4Mike Vallely
14.9%
Tony Hawk Underground 1 & 2Paul Rodriguez
13.6%
Game Skater % Correct
Tony Hawk Pro Skater 2-4Steve Caballero
13.3%
Tony Hawk American WastelandStevie Williams
8.5%
Tony Hawk American WastelandDaewon Song
7.6%
Tony Hawk American WastelandTony Alva
5.7%
Tony Hawk Project 8Nyjah Huston
5.5%
Tony Hawk Underground 1 & 2Arto Saari
5.4%
Tony Hawk Project 8Dustin Dollin
3.5%
Tony Hawk Project 8Lyn-Z Adams Hawkins
3%
Tony Hawk American WastelandTony Trujillo
3%
Tony Hawk Proving GroundLance Mountain
2.4%
Tony Hawk Proving GroundJeff King
2.3%
Tony Hawk Proving GroundJereme Rogers
2.1%
Tony Hawk Project 8Christian Hosoi
2.1%
Tony Hawk Proving GroundVanessa Torres
1.9%
Tony Hawk Project 8Kevin Staab
1.5%

You're not logged in!

Compare scores with friends on all Sporcle quizzes.
OR
Log In

Sporcle TV

Today on Sporcle TV


Watch our educational content, quiz creation guides, and fun videos on Sporcle TV.

Show Comments

Extras

Top Quizzes Today


Score Distribution

Your Account Isn't Verified!

In order to create a playlist on Sporcle, you need to verify the email address you used during registration. Go to your Sporcle Settings to finish the process.

Report this User

Report this user for behavior that violates our Community Guidelines.

Details: